| 000 | 00000nam 2200000zi 4500 |
| 001 | 9.933144 |
| 003 | CaOODSP |
| 005 | 20250106150704 |
| 006 | m o d f |
| 007 | cr mn||||||||| |
| 008 | 240130s1980 onca ob f000 0 eng d |
| 040 | |aCaOODSP|beng|erda|cCaOODSP |
| 043 | |an-cn---|aa-ja--- |
| 086 | 1 |aId37-22/1980E-PDF |
| 245 | 00|aReport of the Canadian processed pork mission to Japan, March 1-8, 1980. |
| 264 | 1|a[Ottawa] : |bGovernment of Canada, Industry, Trade and Commerce = Gouvernement du Canada, Industrie et commerce, |c[1980?] |
| 300 | |a1 online resource (56 pages) : |billustrations |
| 336 | |atext|btxt|2rdacontent |
| 337 | |acomputer|bc|2rdamedia |
| 338 | |aonline resource|bcr|2rdacarrier |
| 500 | |aIssued also in French under title: Rapport de la mission canadienne sur le porc conditionné au Japon, du 1er au 8 mars 1980. |
| 500 | |aDigitized edition from print [produced by Innovation, Science and Economic Development Canada]. |
| 504 | |aIncludes bibliographical references. |
| 650 | 0|aPork industry and trade|zCanada. |
| 650 | 0|aMarket surveys|zJapan. |
| 651 | 0|aCanada|xCommerce|zJapan. |
| 710 | 1 |aCanada. |bIndustry, Trade and Commerce, |eissuing body. |
| 775 | 08|tRapport de la mission canadienne sur le porc conditionné au Japon, du 1er au 8 mars 1980.|w(CaOODSP)9.946539 |
| 856 | 40|qPDF|s1.33 MB|uhttps://publications.gc.ca/collections/collection_2025/isde-ised/Id37-22-1980-eng.pdf |